Scouts in action. (Record no. 4915)
[ view plain ]
| 000 -LEADER | |
|---|---|
| fixed length control field | 00803cam a22002651 4500 |
| 001 - CONTROL NUMBER | |
| control field | 4915 |
| 003 - CONTROL NUMBER IDENTIFIER | |
| rucl marc code | BD-RjUL |
| 005 - DATE AND TIME OF LATEST TRANSACTION | |
| control field | 20211208233957.0 |
| 008 - FIXED-LENGTH DATA ELEMENTS--GENERAL INFORMATION | |
| fixed length control field | 131223t19651963xx 001 0 eng |
| 035 ## - SYSTEM CONTROL NUMBER | |
| System control number | (BD-RjUL)4950 |
| System control number | (OCoLC)3119030 |
| 040 ## - CATALOGING SOURCE | |
| Original cataloging agency | DLC |
| Transcribing agency | OC |
| Modifying agency | Uk |
| -- | DLC |
| -- | BD-RjUL |
| Language of cataloging | eng |
| 041 ## - LANGUAGE CODE | |
| Language code of text/sound track or separate title | eng |
| 082 ## - DEWEY DECIMAL CLASSIFICATION NUMBER | |
| Edition number | 369.43 |
| Author mark and year | HAS |
| 100 1# - MAIN ENTRY--PERSONAL NAME | |
| Personal name | Harwood, David. |
| 9 (RLIN) | 15502 |
| 245 10 - TITLE STATEMENT | |
| Title | Scouts in action. |
| Statement of responsibility, etc. | With a foreword by the chief scout [Sir Charles MacLean] |
| 260 ## - PUBLICATION, DISTRIBUTION, ETC. (IMPRINT) | |
| Place of publication, distribution, etc. | London : |
| Name of publisher, distributor, etc. | G. Bell , |
| Date of publication, distribution, etc. | c1963. |
| 300 ## - PHYSICAL DESCRIPTION | |
| Pagination | viii, 196 p. ; |
| Illustrations | illus., maps, ports. ; |
| Size | 21 cm. |
| 500 ## - GENERAL NOTE | |
| General note | Stamped on t. p.: Distributed by Sportshelf, New Rochelle, N. Y. |
| 504 ## - BIBLIOGRAPHY, ETC. NOTE | |
| Bibliography, etc | Includes index. |
| 650 #0 - SUBJECT ADDED ENTRY--TOPICAL TERM | |
| Topical term or geographic name as entry element | Boy Scouts. |
| 9 (RLIN) | 15388 |
| 942 ## - ADDED ENTRY ELEMENTS (KOHA) | |
| Source of classification or shelving scheme | Dewey Decimal Classification |
| Koha item type | Books |
| Lost status | Source of classification or shelving scheme | Damaged status | Not for loan | Collection code | Permanent Location | Current Location | Shelving location | Date acquired | Source of acquisition | Cost, normal purchase price | Total Checkouts | Full call number | Date last seen | Copy number | Koha item type |
|---|---|---|---|---|---|---|---|---|---|---|---|---|---|---|---|
| Dewey Decimal Classification | Non-fiction | Central Library, University of Rajshahi | Central Library, University of Rajshahi | 12/03/1966 | Zeitlinger | 0.00 | 369.43 HAS 1963 | 23/12/2013 | C-2 | Books | |||||
| Dewey Decimal Classification | Not For Loan | Non-fiction | Central Library, University of Rajshahi | Central Library, University of Rajshahi | 12/03/1966 | Zeitlinger | 0.00 | 369.43 HAS 1963 | 26/12/2013 | C-1 | Books |